La Asociación de desarrollo comunal
El documento presenta la definición y características de las asociaciones de desarrollo comunal, así como de la participación activa y consciente de sus miembros en las luchas por solucionar problemáticas y necesidades de la comunidad.
Đã lưu trong:
| Tác giả của công ty: | |
|---|---|
| Định dạng: | Texto |
| Ngôn ngữ: | Spanish |
| Được phát hành: |
San José :
|
| Những chủ đề: | |
| Các nhãn: |
Thêm thẻ
Không có thẻ, Là người đầu tiên thẻ bản ghi này!
|
MARC
| LEADER | 00000 a a2200000 04500 | ||
|---|---|---|---|
| 001 | 15672 | ||
| 003 | cru IIS | ||
| 005 | 20220808105839.0 | ||
| 008 | 220801b |||||||| |||| 00| 0 spa d | ||
| 040 | |c cru IIS | ||
| 090 | |a 05.03.07 CR8375a | ||
| 110 | |a Dirección Nacional de Desarrollo de la Comunidad | ||
| 245 | |a La Asociación de desarrollo comunal | ||
| 260 | |a San José : | ||
| 300 | |a 13 p | ||
| 520 | |a El documento presenta la definición y características de las asociaciones de desarrollo comunal, así como de la participación activa y consciente de sus miembros en las luchas por solucionar problemáticas y necesidades de la comunidad. | ||
| 650 | |a DESARROLLO DE LA COMUNIDAD | ||
| 650 | 0 | |a POLITICA |9 3691 | |
| 650 | 0 | |a ORGANIZACION |9 7682 | |
| 942 | |2 ddc |c LI | ||
| 999 | |c 16945 |d 16945 | ||
